000 00345 a2200133 4500
001 92102
082 _a428.34076 LOU
090 _c44065
_d44064
100 _aLin Lougheed
245 _aEssential Words for the IELTS
260 _aUSA
_bBarron's Education Series
_c2011
300 _a363p.
_bPb
_e01 Audio File CD
500 _aGeneral Book
942 _aCAE NUST
_k428.34076 LOU
999 _c327175
_d327175